Tous ensemble (Registro nro. 312242)
[ vista simple ]
| 000 -ENCABEZADO | |
|---|---|
| Número de control [NR] | 00726nam a2200217 a 4500 |
| 001 - NÚMERO DE CONTROL | |
| control field | 521644 |
| 005 - FECHA Y HORA DE LA ÚLTIMA TRANSACCIÓN | |
| control field | 20190806102635.0 |
| 008 - DE LONGITUD FIJA DE DATOS DE ELEMENTOS - INFORMACIÓN GENERAL | |
| Elementos de longitud fija [NR] | 190520s1985 fr b 000 0 fre d |
| 020 ## - NUMERO INTERNACIONAL NORMALIZADO PARA LIBROS [R] | |
| Número Internacional Normalizado del libro [NR] | 9782020089586 |
| 040 ## - FUENTE DE CATALOGACION [NR] | |
| Agencia de catalogación original [NR] | CO-BoUCM |
| Quien Cataloga | Saul Niño |
| Quien Clasifica | Saul Niño |
| 041 0# - CODIGO DE IDIOMA [R] | |
| Código de idioma para texto/pista de sonido o título separado [R] | Francés |
| 100 1# - ASIENTO PRINCIPAL--NOMBRE PERSONAL [NR] | |
| Nombre personal [NR] | Closets, François de. |
| ID Autoridad | 96331 |
| 245 10 - MENCION DE TITULO [NR] | |
| Título [NR] | Tous ensemble |
| Parte restante del título [NR] | pour en finir avec la syndicratie |
| Mención de responsabilidad, etc. [NR] | François de Closets |
| 260 ## - PUBLICACION, DISTRIBUCION, ETC. (PIE DE IMPRENTA) [R] | |
| Lugar de publicación, distribución, etc. [R] | París |
| Nombre del editor, distribuidor, etc. [R] | Editions du Seuil |
| Fecha de publicación, distribución, etc. [R] | 1985 |
| 546 ## - NOTA DE IDIOMA [R] | |
| Nota de idioma [NR] | Texto en fránces |
| 651 #0 - ASIENTO SECUNDARIO DE MATERIA - NOMBRE GEOGRAFICO [R] | |
| Nombre geográfico [NR] | Francia |
| Subdivisión general [R] | Condiciones económicas |
| Subdivisión cronológica [R] | 1945- |
| 9 (RLIN) | 96332 |
| 651 #0 - ASIENTO SECUNDARIO DE MATERIA - NOMBRE GEOGRAFICO [R] | |
| Nombre geográfico [NR] | Francia |
| Subdivisión general [R] | Condiciones sociales |
| Subdivisión cronológica [R] | 1945- |
| 9 (RLIN) | 96333 |
| 740 0# - ASIENTO SECUNDARIO – TITULOS RELACIONADOS/ANALITICOS NO CONTROLADOS [R] | |
| Título relacionado o analítico no controlado [NR] | Syndicratie |
| 942 ## - ELEMENTOS DE ENTRADA AGREGADOS (KOHA) | |
| Sistema de clasificación | DEWEY |
| Tema principal | Economía |
| Tipo de ítem principal el descrito en 300a | Libro |
| Edición | 1 |
| Clasificación | 330.944 |
| Parte restante de la signatura top. | C645t |
| Título oculto en OPAC | No |
| Total préstamos | Signatura topográfica | Código de barras | Última vez visto | Ejemplar | Costo de reposición | Price effective from | Tipo de ítem | Perdido | Sistema de clasificación | Dañado | No prestable | Tipo de ítem específico | Suprimido | Ubicación habitual | Ubicación actual | Localización | Fecha de creación | Proveedor | Forma de adquisición | Costo |
|---|---|---|---|---|---|---|---|---|---|---|---|---|---|---|---|---|---|---|---|---|
| 330.944 C645t | 100160174 | 09/12/2024 | Ej.1 | 26000.00 | 03/05/2019 | Libro | DEWEY | Libro | BodegaJK | Claustro | Préstamo 2 días después de solicitado | 03/05/2019 | 12 | Donación | 0.00 |